000 00746nam a2200265Ia 4500
003 OSt
005 20220918203537.0
006 a|||||r|||| 00| 0
007 ta
008 220917b |||||||| |||| 00| 0 eng d
024 _a108,904
037 _cTextual
040 _aARTS
_cARTS
_beng
041 _2eng
_aeng
082 _aV461.N7, L6(EW);1
100 _aLong David E
_9109046
245 0 _aSaudi Arabia
260 _aLondon
_bSage Publications
_c1976
300 _a70p.
_ccm.
490 _aWashington papers ed by Waltor La queur
500 _aBibliography p63-64; Appendix p65-70
650 _aSAUDI ARAB - HISTORY
_9109047
942 _hV461.N7, L6(EW);1
_cTEXL
_2CC
999 _c232258
_d232258